| 000 | 01799nam0a2200385 4500 | ||
|---|---|---|---|
| 001 | RU\NLR\BIBL_A\011762859 | ||
| 005 | 20180925151627.0 | ||
| 010 |
_a978-5-04-094394-4 _97000 |
||
| 021 |
_aRU _bКН-П-18-048316 _9КН-П-18-3490 |
||
| 035 | _a(NLR Aleph) 011762859 | ||
| 035 | _a(RuMoRGB)009677061 | ||
| 090 |
_a11686015 _c11686015 |
||
| 100 | _a20180802d2018 c y0rusy50 ca | ||
| 101 | 1 |
_arus _cdan |
|
| 102 | _aRU | ||
| 105 | _aa|||z|||000ay | ||
| 200 | 1 |
_aДюймовочка _eсказки _e[для младшего школьного возраста] _fГ.Х. Андерсен _g[перевод с датского Анны и Петра Ганзен _gил. Ники Гольц] |
|
| 210 |
_aМосква _c#эксмодетство _cЭксмо _d2018 |
||
| 215 |
_a188, [2] с. _cил. _d21 |
||
| 225 | 1 | _aПравильное чтение | |
| 225 | 1 | _aДружим с детства! | |
| 225 | 1 | _aУмные дети - умные взрослые! | |
| 300 | _aТекст без сокращений. Входит в школьную программу | ||
| 327 | 1 | _aСодерж.: Пастушка и трубочист; Чайник; Гадкий утёнок; Пятеро из одного стручка; Дикие лебеди; Соловей; Дюймовочка; Девочка со спичками; Старый дом | |
| 333 | _a6+ | ||
| 686 | 0 | _aШ9(4Д)60-4 | |
| 700 | 1 |
_7ca _8rus _aАндерсен _bХ. К. _f1805-1875 _gХанс Кристиан _9112181 _3RU\NLR\AUTH\772165 |
|
| 702 | 1 |
_aГольц _bН. _gНика _4440 |
|
| 942 | _cBOOK | ||
| 980 | _aNBR | ||
| 980 | _aNB | ||